000 00291nam a22001337a 4500
008 170714b xxu||||| |||| 00| 0 eng d
020 _a9780316836647
041 _aeng
080 _a101
100 _a23
101 _aFIL
245 _aBREAT BIRD CONTINENT
_cHAU.L.L
942 _2udc
_cBK
999 _c20679
_d20679